[Event "NED-ch U12 op"]
[Site "Borne"]
[Date "2013.08.07"]
[Round "5"]
[White "Stigter, Rens"]
[Black "Kalkman, Lorena"]
[Result "0-1"]
[WhiteElo "621"]
[BlackElo "1010"]
[PlyCount "24"]
[EventDate "2013.08.05"]
[EventType "swiss"]
[EventRounds "13"]
[EventCountry "NED"]
[SourceTitle "EXT 2015"]
[Source "ChessBase"]
[SourceDate "2014.11.20"]
[SourceVersion "1"]
[SourceVersionDate "2014.11.20"]
[SourceQuality "1"]

1. e4 c5 2. Nf3 d6 3. Bb5+ Nd7 4. d3 a6 5. Bxd7+ Qxd7 6. Bd2 e6 7. Nc3 Nf6 8. 0-0 Be7 9. b3 b5 10. a4 b4 11. Ne2 Qxa4 12. bxa4 Kd7 0-1